Stuart Little / (Registro nro. 12209)

Detalles MARC
000 -LIDER
fixed length control field 02068cgm a2200517 c 4500
001 - NÚMERO DE CONTROL
Identificador de número de control 33450
003 - IDENTIFICACDOR DE NÚMERO DE CONTROL
control field DO-SdBNP
005 - DATE AND TIME OF LATEST TRANSACTION
control field 20180207130519.0
007 - CAMPOS FIJOS DE DESCRIPCIÓN FÍSICA
fixed length control field 33450
008 - ELEMENTOS DE LONGITUD FIJA
fixed length control field 140904s2000 sp a 085
015 ## - NÚMERO DENTRO DE LA BIBLIOGRAFÍA NACIONAL
National bibliography number
017 ## - NÚMERO DE REGISTRO DE DERECHOS DE AUTOR
Copyright or legal deposit number
Assigning agency
020 ## - ISBN
International Standard Book Number 8420446696
028 40 - NÚMERO DE EDITOR MUSICAL
Publisher number
Source
035 ## - NÚMERO LOCAL
System control number (OCoLC)
040 ## - FUENTE DE CATALOGACIÓN
Agencia que crea de manera original el registro BPMSU
Idioma de catalogación spa
Agencia que realiza la transcripción BPMSU
Convenciones de la despripción
041 ## - CÓDIGOS DE OBRAS TRADUCIDAS O EN VARIOS IDIOMAS
Código del idioma del texto/archivo de sonido o separata spa
Language code of subtitles or captions
082 ## - NÚMERO DE CLASIFICACIÓN DECIMAL DE DEWEY
Classification number 813.5
Item number W582s
084 ## - OTRO NÚMERO DE CLASIFICACIÓN
Classification number
Number source
100 ## - ASIENTO PRINCIPAL -- NOMBRE PERSONAL
Nombre personal White, E. B.
Fechas asociadas con el nombre 1899-1985
130 0# - ASIENTO PRINCIPAL--TITULO UNIFORME
Título uniforme Stuart Little
Idioma de una obra Políglota
240 ## - TITULO UNIFORME
Título uniforme Stuart little.
Idioma de una obra Español
245 10 - MENCIÓN DE TITULO
Título Stuart Little /
Mención de responsabilidad E. B. White ; traducción de Héctor Silva ; ilustraciones Garth Williams.
260 ## - PUBLICACIÓN, DISTRIBUCIÓN, ETC. (PIE DE IMPRENTA)
Lugar de publicación, distribución, etc Madrid :
Nombre del editor, distribuidor, etc. Alfaguara,
Fecha de publicación, distribución, etc 2000
300 ## - DESCRIPCIÓN FÍSICA
Extensión 142 p.
Otros detalles físicos ils. ;
Material complementario 21 cm.
336 ## - CONTENT TYPE
Content type term
Source
337 ## - MEDIA TYPE
Media type term
Source
490 ## - MENCIÓN DE SERIES
Mención de serie Alfaguara infantil
500 ## - NOTA GENERAL
Nota general Incluye contenido extra
511 ## - PARTICIPANT OR PERFORMER NOTE
Participant or performer note Voces en inglés: Michael J. Fox, Geena Davis, Hugh Laurie
518 ## - DATE/TIME AND PLACE OF AN EVENT NOTE
Date/time and place of an event note Largometraje realizado en 1999, coproducido por Alemania y Estados Unidos
520 3# - RESUMEN, ETC.
Nota de resumen, etc. Una familia neoyorquina adopta un ratón, Stuart Little. Éste tendrá que adaptarse a la vida con la familia Little y no será nada fácil
521 ## - TARGET AUDIENCE NOTE
Target audience note Autorizada para todos los públicos
546 ## - NOTA DE IDIOMA
Nota de idioma Versiones en castellano, catalán, alemán, checo, griego, italiano, polaco, portugués, ruso, turco e inglés, con subtítulos opcionales en español, portugués, inglés, alemán, árabe, checo, eslovaco, griego, hindi, italiano, polaco y turco
586 ## - AWARDS NOTE
Awards note Premios: "ASCAP Film and Television Music Awards" (2000), "Satellite Awards" (2000), "Young Artist Awards" (2000)
650 ## - ENCABEZAMIENTO DE MATERIA--TEMÁTICO
Término temático o nombre geográfico como elemento de entrada CUENTOS INFANTILES ESTADOUNIDENSE
650 ## - ENCABEZAMIENTO DE MATERIA--TEMÁTICO
Término temático o nombre geográfico como elemento de entrada LITERATURA INFANTIL ESTADOUNIDENSE
655 77 - INDEX TERM--GENRE/FORM
Genre/form data or focus term Cine de aventuras y acción
Source of term tgfbne
655 77 - INDEX TERM--GENRE/FORM
Genre/form data or focus term Comedia cinematográfica
Source of term tgfbne
700 ## - ASIENTO SECUNDARIO -- NOMBRE PERSONAL
Nombre personal Silva, Héctor
Fechas asociadas con el nombre ilustraciones
Mención de responsabilidad tr.
700 ## - ASIENTO SECUNDARIO -- NOMBRE PERSONAL
Nombre personal Williams, Garth
Mención de responsabilidad ils.
830 ## - ASIENTO SECUNDARIO DE SERIE--TÍTULO UNIFORME
Título uniforme Alfaguara juvenil
942 ## - ADDED ENTRY ELEMENTS (KOHA)
Source of classification or shelving scheme Dewey Decimal Classification
Koha item type Libros
945 ## - INFORMACIÓN DE PROCESAMIENTO LOCAL
Información de procesamiento local inventariado, 2018 / dg
956 ## - LOCAL ELECTRONIC LOCATION AND ACCESS (OCLC)
Nombre de host VMATEO
Número de acceso 10
Información de compresión 20161130
Trayectoria BPMSU
Nombre Electrónico 0069
Existencias
Withdrawn status Lost status Source of classification or shelving scheme Damaged status Not for loan Collection code Home library Current library Date acquired Source of acquisition Total Checkouts Full call number Barcode Date last seen Price effective from Koha item type
    Dewey Decimal Classification     Colección Infantil General Biblioteca Pública Metropolitana Salomé Ureña Biblioteca Pública Metropolitana Salomé Ureña 12/01/2016 Fundación Educativa y Cultural (FUNDI)   813.5 W582s BPMSU16120018 12/01/2016 12/01/2016 Libros